Countries That Border Saudi Arabia by Picture - Statistics

General Stats
  • This quiz has been taken 21 times
  • The average score is 7 of 7
Answer Stats
Picture Answer % Correct
Jordan
100%
Qatar
100%
Iraq
93%
Kuwait
93%
Oman
93%
United Arab Emirates
93%
Yemen
87%
No matching quizzes found
Score Distribution
Percent of People with Each Score
Percentile by Number Answered
Your Score History
You have not taken this quiz